Music Quiz

Random Music or Kpop Quiz

Who is this Kpop Idol Quiz Stats

 Plays Quiz not verified by Sporcle

Challenge
Share
Tweet
Embed
Score 0/15 Timer 05:00
0 Plays Today
% Correct
Rapmonster
96.4%
Jackson
95.3%
Taeyang
95.3%
Baekhyun
94.3%
Taemin
93.8%
Irene
88.4%
Zelo
85.1%
Hani
84.4%
% Correct
Mingyu
81.5%
Ren
81.4%
Eunji
80.4%
Ricky
77.8%
Yura
73.4%
Yerin
69.9%
Kei
50.6%

You're not logged in!

Compare scores with friends on all Sporcle quizzes.
Join for Free
OR
Log In

You Might Also Like...

Show Comments

Extras

Top Quizzes Today


Score Distribution

Your Account Isn't Verified!

In order to create a playlist on Sporcle, you need to verify the email address you used during registration. Go to your Sporcle Settings to finish the process.

Report this User

Report this user for behavior that violates our Community Guidelines.

Details: